00762cam a22002531 4500001001300000003000400013005001700017008004100034010001700075035001800092040001900110042001200129050001600141100001800157245006900175260004100244300002400285490006900309504003000378650003200408650002500440650002600465999001700491sa 67000412 DLC20260227112314.0720605s1965 xx 000 0 eng  asa 67000412  a(OCoLC)325014 aDLCcOBgUdDLC apremarc00aPN4749b.P31 aParikh, R. D.14aThe press and society,ba sociological studyc[by] R. D. Parikh. aBombay,bPopular Prakashan,c[c1965] axvi, 154 p.c22 cm. aM. S. University of Baroda. Dept. of Sociology publicationvno.6 aBibliography: p. 136-142. 0aJournalismxSocial aspects. 0aGujarati newspapers. 0aGujarati periodicals. c71970d71970